000 00400nam a2200145Ia 4500
008 151213s9999 xx 000 0 und d
100 _aSir Muhammad Iqbal
245 _aThe Mysteries of Seamlessness
_cSir Muhammad Iqbal
260 _aLondon
_bPenguing
_c1953
300 _a8381 p.
650 _aEnglish Literature
650 _aEnglish Literature
700 _aSir Muhammad Iqbal
999 _c4219
_d4219